Régimen legal del embargo inmobiliario de derecho común y los incidentes / Eladio Miguel Pérez Taveras. (Registro nro. 1242)

Detalles MARC
000 -LEADER
fixed length control field 00573nam a22002051a 4500
001 - CONTROL NUMBER
control field 1242
003 - CONTROL NUMBER IDENTIFIER
control field OSt
005 - DATE AND TIME OF LATEST TRANSACTION
control field 20260204211726.0
008 - FIXED-LENGTH DATA ELEMENTS--GENERAL INFORMATION
fixed length control field 040117s2002||||dr ||||||b||||||||||spa||
020 ## - NUMERO DE LIBRO INTERNACIONAL NORMALIZADO
International Standard Book Number 9993488003
050 ## - LIBRARY OF CONGRESS CALL NUMBER
Classification number RD 341.582 P415r
082 ## - DEWEY DECIMAL CLASSIFICATION NUMBER
Classification number RD341.582 P415r
100 ## - ASIENTO PRINCIPAL -- NOMBRE PERSONAL
Personal name Perez Taveras, Eladio Miguel
245 ## - TÍTULO PROPIAMENTE DICHO: SUBTÍTULO
Title Régimen legal del embargo inmobiliario de derecho común y los incidentes / Eladio Miguel Pérez Taveras.
264 ## - PRODUCTION, PUBLICATION, DISTRIBUTION, MANUFACTURE, AND COPYRIGHT NOTICE
Place of production, publication, distribution, manufacture Santo Domingo : Checo
300 ## - PHYSICAL DESCRIPTION
Extensión 383 p.
500 ## - GENERAL NOTE
General note Incluye indice.
650 ## - ASIENTO SECUNDARIO DE MATERIA -- TERMINO TEMÁTICO
Termino Temático Como Elemento de Entrada 1.EmbargoÌ
942 ## - ADDED ENTRY ELEMENTS (KOHA)
Source of classification or shelving scheme Dewey Decimal Classification
Koha item type Libros
Existencias
Withdrawn status Lost status Source of classification or shelving scheme Damaged status Not for loan Current library Date acquired Total Checkouts Full call number Barcode Date last seen Price effective from Koha item type
    Dewey Decimal Classification     Biblioteca UTECO 09/09/2019   RD 341.582 P415R 002952 09/09/2019 09/09/2019 Libros
    Dewey Decimal Classification     Biblioteca UTECO 09/09/2019   RD 341.582 P415R 002953 09/09/2019 09/09/2019 Libros
    Dewey Decimal Classification     Biblioteca UTECO 09/09/2019   RD 341.582 P415R 002954 09/09/2019 09/09/2019 Libros
    Dewey Decimal Classification     Biblioteca UTECO 09/09/2019   RD 341.582 P415R 002955 09/09/2019 09/09/2019 Libros
© 2021 Derechos Reservados UTECO - Teléfono: +1 809-585-2291 - Correo electrónico: biblioteca@uteco.edu.do​  
Código postal 43000 ​​
Dirección: Avenida Universitaria No. 100, 
Cotuí, Provincia Sánchez Ramírez, República Dominicana - RNC: 404-00059-6